Normal view
MARC view
Entry Personal Name
001 - CONTROL NUMBER
- control field: 4272
003 - CONTROL NUMBER IDENTIFIER
- control field: BD-DhBUF
005 - DATE AND TIME OF LATEST TRANSACTION
- control field: 20251230131259.0
008 - FIXED-LENGTH DATA ELEMENTS
- fixed length control field: 251230|| aca||aabn | a|a d
040 ## - CATALOGING SOURCE
- Original cataloging agency: BD-DhBUF
- Transcribing agency: BD-DhBUF
100 ## - HEADING--PERSONAL NAME
- Personal name: Schein, Edgar H
670 ## - SOURCE DATA FOUND
- Source citation: Work cat.: (BD-DhBUF)2937: Schein, Edgar H., Career survival :, C 1995
